000 00846npm a2200241 i 4500
001 5159
003 ES-MaACL
005 20230908141229.0
007 hzrazu bucu
008 900419r19901912it a 00010 ita d
080 _a614(05)(454.11)
080 _a61(05)(454.11)
080 _a05(45)
245 0 0 _aRivista di Igiene e Sanita Pubblica
_b: [Microforma].
260 _aMadrid :
_bAteneo Cientifico, Literario y Artistico,
_c1990.
300 _a2 carretes de microfilme :
_bnegativo ;
_c16 mm.
500 _aPublicado originalmente: Parma, R. Universita, 1912-1919, periodicidad quincenal.
505 8 _aCarrete n. 1: 1912 a 1915 (mar.) -- Carrete n. 2: 1915 (abr.) a 1919 e indices
852 _aES-MaACL
_jMC-188-189
_95276
_cDEPO1
942 _2udc
_cMICROFORMA
999 _c5159
_d5159